Dynamický model řízení výroby /

Gespeichert in:
Bibliographische Detailangaben
1. Verfasser: Gottfriedová, Zdena (xxx)
Format: Buch
Sprache:Tschechisch
Veröffentlicht: Praha : VUSTE, 1985
Schlagworte:
Tags: Tag hinzufügen
Keine Tags, Fügen Sie das erste Tag hinzu!

MARC

LEADER 00000nam a22000003a 4500
001 stu35723
005 20150617225702.2
008 920504s1985----cs------------------cze-d
040 |a STU  |b slo 
041 0 |a cze 
044 |a cs 
080 |a 338.3 
100 1 |a Gottfriedová, Zdena  |4 xxx 
245 1 |a Dynamický model řízení výroby /  |c Zdena Gottfriedová a kol 
260 |a Praha :  |b VUSTE,  |c 1985 
300 |a 83 s 
650 7 |a výroba  |2 stusub 
650 7 |a riadenie  |2 stusub 
996 |b 284M036050  |c M*1774-3  |l MMKN  |s A  |a 24  |w stu35723_0001 
996 |b 284M036048  |c M*1774-1  |l MMKN  |s A  |a 24  |w stu35723_0002 
996 |b 284M036049  |c M*1774-2  |l MMKN  |s A  |a 24  |w stu35723_0003